000 00506nam a2200169 a 4500
005 20140412111404.0
008 060406s19uu xx 00 eng d
020 _a0-7432-3480-4
050 _aM 248.4
_bP31 2003
100 _aPeale, Norman Vincent
245 _aThe Power of positive thinking /
_cNorman Vincent Peale.
260 _aNew York :
_bA Fireside Book,
_c2003.
300 _a224 p.
650 _aSuccess
_xReligious aspects
_xChristianity
650 _aEnthusiasm
_xReligious
999 _c105519
_d105519